J.K. Lasser's Real Estate Investing

Critical coverage will help you: Locate the most desirable properties; Develop strategies to buy and sell rental property; Properly finance the purchase of real estate; Use the tax features of real estate investments to their fullest; Manage the landlord-tenant relationship

Wedi'i Gadw mewn:
Manylion Llyfryddiaeth
Prif Awdur: Thomsett, Michael C.
Fformat: Llyfr
Iaith:Undetermined
Cyhoeddwyd: New York Wiley 2002
Pynciau:
Tagiau: Ychwanegu Tag
Dim Tagiau, Byddwch y cyntaf i dagio'r cofnod hwn!
Thư viện lưu trữ: Trung tâm Học liệu Trường Đại học Cần Thơ
LEADER 00838nam a2200205Ia 4500
001 CTU_163237
008 210402s9999 xx 000 0 und d
020 |c 2.50 
082 |a 332.6324 
082 |b T479 
100 |a Thomsett, Michael C. 
245 0 |a J.K. Lasser's Real Estate Investing 
245 0 |c Michael C. Thomsett 
260 |a New York 
260 |b Wiley 
260 |c 2002 
520 |a Critical coverage will help you: Locate the most desirable properties; Develop strategies to buy and sell rental property; Properly finance the purchase of real estate; Use the tax features of real estate investments to their fullest; Manage the landlord-tenant relationship 
650 |a Real estate investment,Đẩu tư bất động sản 
910 |a Nguyên 
980 |a Trung tâm Học liệu Trường Đại học Cần Thơ